vufinder Bibliothèque Municipale de Charleval de Provence
Se connecter

secrets de Nil (Les)

Book Cover
Auteur principal: Lynne Matson
D'autres auteurs: Guillaume François
Support: Livres
Langue: Francais
Publié: DL 2016 Pocket jeunesse-PKJ Paris
Series: Nil
Genre: Roman Jeunesse
Collection: Nil
Sujets:
Étiquettes: Ajouter
Pas de Tags !

LEADER 01187nam0a2200229 450
001 16826462
010 |a 978-2-266-26895-0  |b br.  |d 17,9 € 
100 |a 20161116d2026 u u0frey01 ba 
101 1 |a fre  |c eng 
102 |a FR 
200 0 |a secrets de Nil (Les)  |f Lynne Matson  |g traduit de l'anglais (Etats-Unis) par Guillaume François 
207 1 |a   
210 |a Paris  |c Pocket jeunesse-PKJ  |d DL 2016 
215 |a 1 vol. (506 p.)  |d 23 cm 
225 1 |a Nil  |v 2 
330 |a L'île de Nil est plus dangereuse que jamais. De vieilles certitudes s'envolent, de nouveaux mystères s'installent. Rives s'est juré de percer à jour les secrets de Nil. Une arrivée inattendue - qui ne doit pourtant rien au hasard - remet tout en question et menace l'équilibre de la Cité. Avec l'aide de Skye, Rives se lance alors dans une course désespérée pour sauver tous les naufragés de Nil... et peut-être détruire l'île pour toujours ! 
461 0 |t Nil  |v 2 
700 0 |a Matson  |b Lynne  |4 70 
702 0 |a François  |b Guillaume  |f 1988-....  |4 730 
900 |a Roman Jeunesse 
901 |a Accessible au prêt 
995 |a Bibliothèque  |c Bibliothèque  |f 024017570  |h 024017570  |k J MAT  |o p  |q j  |r az  |e Bibliothèque 

Options de recherche

Historique de recherche
Recherche avancée

Trouver plus

Nouveautés

Besoin d'aide ?

Contacter un bibliothécaire